000 00527cam a22001571 4500
082 _a621.3
_bCLA
_cL-9, P-62
100 1 _aClayton, Albert Edmund,
_941137
245 1 0 _aElementary electrical engineering,
_cby Albert E. Clayton and Herbert J. Shelley.
260 _aLondon,
_aNew York,
_bLongmans, Green,
_c1927.
300 _aix, 410 p.
_bdiagrs.
_c20 cm.
526 _a0
_b0
_c0
_d621_300000000000000_CLA
650 0 _aElectrical engineering.
650 0 _aMCE
_9379
700 1 _aShelley, Herbert John,
_941138
942 _2ddc
_cBK
999 _c545327
_d545327